Islami Tehzeeb Aur Us Kay Usul Aur Mubadiat (Record no. 542253)
[ view plain ]
| 000 -LEADER | |
|---|---|
| fixed length control field | 00430nam a22001337a 4500 |
| 082 ## - DEWEY DECIMAL CLASSIFICATION NUMBER | |
| Classification number | 297.2 |
| Author Mark | MAU |
| -- | L-31,P35 |
| 100 ## - MAIN ENTRY--PERSONAL NAME | |
| Personal name | Maudoodi, Maulana Syed Abu Al Ala |
| 9 (RLIN) | 37377 |
| 245 ## - TITLE STATEMENT | |
| Title | Islami Tehzeeb Aur Us Kay Usul Aur Mubadiat |
| Statement of responsibility, etc. | Maulana Syed Abu Al Ala Maudoodi |
| 260 ## - PUBLICATION, DISTRIBUTION, ETC. | |
| Place of publication, distribution, etc. | Lahore, |
| Name of publisher, distributor, etc. | Islamic Publications . |
| Date of publication, distribution, etc. | 1981 |
| 300 ## - PHYSICAL DESCRIPTION | |
| Extent | 362 p. |
| Dimensions | 22 cm. |
| 526 ## - STUDY PROGRAM INFORMATION NOTE | |
| Program name | 0 |
| Interest level | 0 |
| Reading level | 0 |
| Title point value | 297_200000000000000_MAU |
| 650 ## - SUBJECT ADDED ENTRY--TOPICAL TERM | |
| Topical term or geographic name entry element | MCE |
| 9 (RLIN) | 379 |
| 942 ## - ADDED ENTRY ELEMENTS (KOHA) | |
| Source of classification or shelving scheme | |
| Koha item type | Book |
| Withdrawn status | Lost status | Source of classification or shelving scheme | Damaged status | Not for loan | Permanent Location | Current Location | Date acquired | Total Checkouts | Full call number | Barcode | Date last seen | Price effective from | Koha item type |
|---|---|---|---|---|---|---|---|---|---|---|---|---|---|
| Military College of Engineering (MCE) | Military College of Engineering (MCE) | 09/27/2013 | 297.2 MAU | MCE-9834 | 09/27/2013 | 09/27/2013 | Book |
